Triết học đạo đức
Bewaard in:
| Hoofdauteur: | |
|---|---|
| Formaat: | Boek |
| Taal: | Undetermined |
| Gepubliceerd in: |
Hà Nội
Văn hoá Thông tin
2004
|
| Onderwerpen: | |
| Tags: |
Voeg label toe
Geen labels, Wees de eerste die dit record labelt!
|
| Thư viện lưu trữ: | Trung tâm Học liệu Trường Đại học Cần Thơ |
|---|
| LEADER | 00582nam a2200181Ia 4500 | ||
|---|---|---|---|
| 001 | CTU_91731 | ||
| 008 | 210402s9999 xx 000 0 und d | ||
| 082 | |a 100 | ||
| 082 | |b S689 | ||
| 100 | |a Soloviev, Vladimir | ||
| 245 | 0 | |a Triết học đạo đức | |
| 245 | 0 | |c Vladimir Soloviev, Karol Vojtyla, Albert Schweitzer; Phạm Vĩnh Cư tuyển chọn; Từ Thị Loan dịch | |
| 260 | |a Hà Nội | ||
| 260 | |b Văn hoá Thông tin | ||
| 260 | |c 2004 | ||
| 650 | |a Philosophy | ||
| 904 | |i Tuyến | ||
| 980 | |a Trung tâm Học liệu Trường Đại học Cần Thơ | ||